000 00462nam a2200157 i 4500
001 64607
003 ES-MaACL
005 20230906165153.0
007 t|
008 031230s1971 sp ||||1| spa d
100 1 _aForcano, Benjamín.
_951684
245 1 0 _a¿Amor y natalidad en conflicto? /
_cpor Benjamín Forcano.
260 _aValencia :
_bComercial Editora de Publicaciones,
_c[1971]
300 _a113 p. ;
_c21 cm.
852 _aES-MaACL
_jC-47793
_bR.79377
999 _c64607
_d64607